Diccionario urbano: conceptual y transdisciplinar

Збережено в:
Бібліографічні деталі
Автор: Benavides Solís, Jorge (Автор)
Формат: Книга
Мова:Іспанська
Опубліковано: Barcelona Ediciones del Serbal 2009
Серія:Colección La Estrella Polar, 47
Предмети:
Теги: Додати тег
Немає тегів, Будьте першим, хто поставить тег для цього запису!

MARC

LEADER 00000cam a2200000 a 4500
001 UCF5561
003 CL-VaPUC
005 20220122074449.0
008 130318e20090000SP |||||||||||||||||spa|d
999 |c 351059  |d 351057 
020 |a 9788476285688 
040 |c Pontificia Universidad Católica de Valparaíso 
082 0 4 |a 413.1 BEN 2009  |2 21 
100 0 |a Benavides Solís, Jorge  |e author  |9 567496 
245 1 0 |a Diccionario urbano: conceptual y transdisciplinar 
260 |a Barcelona  |b Ediciones del Serbal  |c 2009 
300 |a 185 páginas 
490 0 |a Colección La Estrella Polar, 47 
583 |a last modification  |c 20130318 11:20:00  |k Rodrigo Vera 
650 0 |a Diccionarios  |9 256200 
650 0 |a Urbanismo  |9 255208 
942 |c BK  |2 ddc 
945 |d 20130318 00:00:00  |a dcastane 
952 |0 0  |1 0  |4 0  |6 413_100000000000000_BEN_2009  |7 0  |8 X  |9 454932  |a BIBING  |b BIBING  |d 2019-11-22  |i 4954688  |o 413.1 BEN 2009  |p 4954688  |r 2025-01-20  |w 2019-11-22  |y BK_X  |k GEO 
952 |0 0  |1 0  |3 erb  |4 0  |6 413_100000000000000_BEN_2009  |7 0  |8 X  |9 454933  |a BIBING  |b BIBING  |i 5129214  |o 413.1 BEN 2009  |p 5129214  |r 2025-01-20  |w 2019-11-22  |y BK_X  |z Catalogado en:20141211  |k GEO 
952 |0 0  |1 0  |3 erb  |4 0  |6 413_100000000000000_BEN_2009  |7 0  |8 X  |9 454934  |a BIBING  |b BIBING  |i 5134609  |o 413.1 BEN 2009  |p 5134609  |r 2025-01-20  |w 2019-11-22  |y BK_X  |z Catalogado en:20150109  |k GEO